000 00531nam a2200181 i 4500
001 56613
003 ES-MaACL
005 20230906163418.0
007 t|
008 031010s1969 sp ||||1| spa d
100 1 _aDickler, Gerald.
_944496
245 1 3 _aEl hombre ante la justica /
_cGerald Dickler ; versión de Alberto Luis Pérez.
250 _a[1ª ed.].
260 _aBarcelona :
_bCaralt,
_c[1969]
300 _a452 p., lám. ;
_c22 cm.
700 1 _aPérez, Alberto Luis.
_990550
852 _aES-MaACL
_jC-36426
_bR.69357
999 _c56613
_d56613